Mozambique : (Record no. 121372)
[ view plain ]
| 000 -LEADER | |
|---|---|
| fixed length control field | 00901cam a2200325 i 4500 |
| 001 - CONTROL NUMBER | |
| control field | 41204 |
| 003 - CONTROL NUMBER IDENTIFIER | |
| control field | ARRUPE |
| 005 - DATE AND TIME OF LATEST TRANSACTION | |
| control field | 20141202150422.0 |
| 008 - FIXED-LENGTH DATA ELEMENTS--GENERAL INFORMATION | |
| fixed length control field | 810311s1978 enkb b 001 0 eng |
| 010 ## - LIBRARY OF CONGRESS CONTROL NUMBER | |
| LC control number | 79309991 |
| 015 ## - NATIONAL BIBLIOGRAPHY NUMBER | |
| National bibliography number | GB78-36524 |
| 020 ## - INTERNATIONAL STANDARD BOOK NUMBER | |
| International Standard Book Number | 0860360172 : |
| Terms of availability | £8.50 |
| 035 ## - SYSTEM CONTROL NUMBER | |
| System control number | (OCoLC)5312240 |
| 035 ## - SYSTEM CONTROL NUMBER | |
| System control number | (OCoLC)ocm05312240 |
| 035 ## - SYSTEM CONTROL NUMBER | |
| System control number | (CStRLIN)NYCG22257411-B |
| 035 ## - SYSTEM CONTROL NUMBER | |
| System control number | (NNC)41204 |
| 040 ## - CATALOGING SOURCE | |
| Transcribing agency | gf |
| 043 ## - GEOGRAPHIC AREA CODE | |
| Geographic area code | f-mz--- |
| 050 0# - LIBRARY OF CONGRESS CALL NUMBER | |
| Classification number | DT459 |
| Item number | .H46 1978 |
| 082 ## - DEWEY DECIMAL CLASSIFICATION NUMBER | |
| Classification number | 967/.9 |
| 090 ## - LOCALLY ASSIGNED LC-TYPE CALL NUMBER (OCLC); LOCAL CALL NUMBER (OCLC) | |
| Classification number (OCLC) (R) ; Classification number, CALL (RLIN) (NR) | DT459 |
| Local cutter number (OCLC) ; Book number/undivided call number, CALL (RLIN) | .H46 1978 |
| 300 ## - PHYSICAL DESCRIPTION | |
| Other physical details | maps ; |
| Dimensions | 24 cm. |
| 100 1# - MAIN ENTRY--PERSONAL NAME | |
| Personal name | Henriksen, Thomas H. |
| 9 (RLIN) | 13009 |
| 245 10 - TITLE STATEMENT | |
| Title | Mozambique : |
| Remainder of title | a history / |
| Statement of responsibility, etc | [by] Thomas H. Henriksen. |
| 260 ## - PUBLICATION, DISTRIBUTION, ETC. (IMPRINT) | |
| Place of publication, distribution, etc | London : |
| Name of publisher, distributor, etc | Collings [etc.], |
| Date of publication, distribution, etc | 1978. |
| 300 ## - PHYSICAL DESCRIPTION | |
| Extent | xi, 276 p. : |
| 504 ## - BIBLIOGRAPHY, ETC. NOTE | |
| Bibliography, etc | Includes bibliographical references and index. |
| 651 #0 - SUBJECT ADDED ENTRY--GEOGRAPHIC NAME | |
| Geographic name | Mozambique |
| General subdivision | History. |
| 9 (RLIN) | 13010 |
| 942 ## - ADDED ENTRY ELEMENTS (KOHA) | |
| Source of classification or shelving scheme | Library of Congress Classification |
| Koha item type | Monograph ( Printed materials) |
| Withdrawn status | Lost status | Source of classification or shelving scheme | Damaged status | Not for loan | Collection code | Home library | Current library | Shelving location | Date acquired | Total Checkouts | Full call number | Barcode | Date last seen | Date checked out | Price effective from | Koha item type |
|---|---|---|---|---|---|---|---|---|---|---|---|---|---|---|---|---|
| Library of Congress Classification | Main Collection | ARRUPE LIBRARY | ARRUPE LIBRARY | Main Collection | 02/12/2014 | 7 | DT459 .H46 1978 | 46500003564 | 19/11/2018 | 05/11/2018 | 02/12/2014 | Monograph ( Printed materials) |